Europaeischer Journalismus : Theorie und Empirie aktueller Medienkommunikation in der Europaeschen Union

Αποθηκεύτηκε σε:
Λεπτομέρειες βιβλιογραφικής εγγραφής
Κύριος συγγραφέας: Sievert, Holger
Μορφή: Βιβλίο
Γλώσσα:German
Δημοσίευση: Wiesbaden : Westdeutscher, 1998
Θέματα:
Ετικέτες: Προσθήκη ετικέτας
Δεν υπάρχουν, Καταχωρήστε ετικέτα πρώτοι!

MARC

LEADER 00000nam a2200000 i 4500
001 1/18703
008 010320s1998 ger d
020 |a 3-531-13189-3 
035 |l 10066585 
040 |a GR-MY-UA  |b gre  |e aacr 
041 0 |a ger 
082 0 |a 079.4 
100 1 |a Sievert, Holger. 
245 1 0 |a Europaeischer Journalismus :  |b Theorie und Empirie aktueller Medienkommunikation in der Europaeschen Union /  |c Holger Sievert 
260 |a Wiesbaden :   |b Westdeutscher,   |c 1998 
300 |a 395 p. 
650 0 0 |a Journalism  |z European Union countries. 
852 |a INST  |b RHODES  |e 20010320  |h 079.4 SIE  |p 005400017185  |q 005400017185  |t BK  |y 0 
901 |a BIBL4-2001-1 
909 |a Ρ  |b 084310 
922 |a 4ΕΛΗ  |b 200012  |c ΚΠΣ/154  |d GLORY BOOKS 
970 |a ΚΟΥΛΑΚΙΟΤΗ  |b ΛΙΤΣΑ  |z 2001/03/20